| 000 | 00540nam a2200217Ia 4500 | ||
|---|---|---|---|
| 008 | 170918s9999 xx 000 0 und d | ||
| 020 | _a9780142403266 | ||
| 050 | _bA237 2002 | ||
| 100 | _aAdler, David A. | ||
| 245 | 4 | _aThe first day of school mystery / | |
| 245 | _cby David A. Adler ; illustrated by Susanna Natti. | ||
| 260 | _aNew York : | ||
| 260 | _bScholastic, | ||
| 260 | _c2002 | ||
| 300 | _a50 pages : | ||
| 300 | _billustrations ; | ||
| 300 | _c19cm. | ||
| 300 | _eCam Jansen ; | ||
| 440 | _a22 | ||
| 500 | _a320 | ||
| 999 |
_c343276 _d343276 |
||